Geodesy

Bibliographic Details
Published in:The history of cartography, J.B. Harley and David Woodward, Chicago [etc.], P. 175-188 (1)
Main Author: Mercier, Raymond P.
Content type: Article
Published: 1992
Source:MPIPL_cat

MARC

LEADER 00000naa a2200000 u 4500
001 PL0053685
003 PLI01000000000000000053365
005 00000000000000.0
008 ||| u
100 1 |a Mercier, Raymond P. 
245 0 0 |a Geodesy  |c Raymond P. Mercier 
260 |c 1992 
773 0 8 |t The history of cartography  |a J.B. Harley and David Woodward  |k 1  |d Chicago [etc.]  |g P. 175-188  |w MPIPL_cat.PL0053654  |z 0-226-31635-1  |i In: 
952 |h P. 175-188 
996 |a Aufsatz 
997 |a book chapter